Effect of stoeung mean chan chey compost on green mustard under condition of the royal university of agriculture,(ឥទ្ធិពលនៃជីកំប៉ុស្តិ៍ស្ទឹងមានជ័យលើការលូតលាស់ដំណាំស្ពៃខៀវក្នុងលក្ខខ័ណ្ឌសាកលវីទ្យាល័យភូមិន្ទកសិកម្ម) (Record no. 684)

000 -LEADER
fixed length control field 00762nam a22001577a 4500
003 - CONTROL NUMBER IDENTIFIER
control field OSt
005 - DATE AND TIME OF LATEST TRANSACTION
control field 20150917165502.0
008 - FIXED-LENGTH DATA ELEMENTS--GENERAL INFORMATION
fixed length control field 150917b xxu||||| |||| 00| 0 eng d
040 ## - CATALOGING SOURCE
Transcribing agency RUA
082 ## - DEWEY DECIMAL CLASSIFICATION NUMBER
Classification number AGR CHI 2005 B032 Or.1
100 ## - MAIN ENTRY--PERSONAL NAME
9 (RLIN) 711
Personal name CHIN SILEN
245 ## - TITLE STATEMENT
Title Effect of stoeung mean chan chey compost on green mustard under condition of the royal university of agriculture,(ឥទ្ធិពលនៃជីកំប៉ុស្តិ៍ស្ទឹងមានជ័យលើការលូតលាស់ដំណាំស្ពៃខៀវក្នុងលក្ខខ័ណ្ឌសាកលវីទ្យាល័យភូមិន្ទកសិកម្ម)
260 ## - PUBLICATION, DISTRIBUTION, ETC. (IMPRINT)
Place of publication, distribution, etc. phnom penh
Name of publisher, distributor, etc. RUA
Date of publication, distribution, etc. 2005
300 ## - PHYSICAL DESCRIPTION
Extent 47p.
Dimensions ill.
Size of unit 29cm.
942 ## - ADDED ENTRY ELEMENTS (KOHA)
Source of classification or shelving scheme
Koha item type AGR
Holdings
Price effective from Date last seen Permanent Location Not for loan Date acquired Source of classification or shelving scheme Koha item type Barcode Lost status Damaged status Shelving location Withdrawn status Current Location Full call number
2015-09-172015-09-17Library Block B 2015-09-17 AGRRUA001365  B032 Library Block BAGR CHI 2005 B032 Or.1
មជ្ឈមណ្ឌលឯការនៃសាកលវិទ្យាល័យភូមិន្ទកសិកម្មចំការដូង

Powered by Koha